000 00813nam a22001937a 4500
003 BR-ViAPE
005 20260423115951.0
008 260423s1858 porc gss||| 001 0 por d
040 _cBR-ViAPE
100 _aVasconcellos, José Marcelino Pereira de
245 _aEnsaio sobre a história e estatística da Província do Espírito Santo
260 _aVitória
_bTypographia de P. A D'Azeredo
_c1858
300 _a256 p.
_bDocumento digitalizado (PDF)
500 _aDocumento digitalizado do acervo institucional do Arquivo Público do Estado do Espírito Santo - APEES.
650 _aHistória
_zEspírito Santo
651 _aEspírito Santo
_xEstatística
856 _uhttps://ape.es.gov.br/Media/ape/PDF/Livros/Livros_Historicos/sndt9287.pdf
_yCLIQUE AQUI PARA ACESSAR O DOCUMENTO
942 _2ddc
_cOBRAS_RARA
_n1
999 _c562
_d562